Les meilleurs joueurs de ligue 1 sur FC 25 - Statistiques

Statistiques générales
  • Ce quiz a été pris 113 fois
  • Le résultat moyen est 54 sur 122
Statistiques - réponses
Note Poste Club Pays Réponse % Correct
89 G Paris Saint Germain Italie Gianluigi Donnarumma
98%
84 DD Paris Saint Germain Maroc Achraf Hakimi
96%
86 AD Paris Saint Germain France Ousmane Dembélé
96%
87 DC Paris Saint Germain Brésil Marquinhos
91%
83 DG Paris Saint Germain Portugal Nuno Mendes
90%
82 BU Paris Saint Germain France Randal Kolo Muani
90%
85 MC Paris Saint Germain Portugal Vitinha
88%
82 BU Olympique Lyonnais France Alexandre Lacazette
86%
82 G RC Lens France Brice Samba
86%
82 MC Paris Saint Germain Espagne Fabian Ruiz
86%
80 AG Paris Saint Germain France Bradley Barcola
85%
81 BU LOSC Canada Jonathan David
84%
81 DC Paris Saint Germain France Presnel Kimpembe
84%
83 DC Paris Saint Germain France Lucas Hernandez
80%
81 DC Paris Saint Germain Slovaquie Milan Skriniar
78%
81 MG AS Monaco Russie Alexandr Golovin
76%
79 BU Paris Saint Germain Portugal Goncalo Ramos
73%
80 G LOSC France Lucas Chevalier
73%
81 AD Paris Saint Germain Espagne Marco Asensio
73%
80 MC Paris Saint Germain France Warren Zaire-Emery
68%
80 DC RC Lens Autriche Kevin Danso
67%
80 MOC Montpellier HSC France Teji Savanier
66%
79 MC Paris Saint Germain Portugal Joao Neves
65%
79 DC OGC Nice Brésil Dante
63%
80 DD OGC Nice France Jonathan Clauss
63%
79 MOC Paris Saint Germain Corée du Sud Lee Kang In
62%
79 MD Olympique de Marseille Angleterre Mason Greenwood
62%
80 MDC LOSC France Benjamin André
60%
79 G Olympique Lyonnais Portugal Anthony Lopes
59%
80 DC RC Lens Argentine Facundo Medina
59%
79 DC Olympique de Marseille Argentine Leonardo Balerdi
58%
80 MDC Olympique Lyonnais Serbie Nemanja Matic
57%
79 G Olympique de Marseille Argentine Geronimo Rulli
56%
79 MDC Olympique de Marseille France Valentin Rongier
56%
79 DC Olympique de Marseille République Démocratique du Congo Chancel Mbemba
55%
78 DC Paris Saint Germain Equateur Willian Pacho
55%
81 MG Olympique Lyonnais Cote d'Ivoire Wilfried Zaha
54%
79 G OGC Nice Pologne Marcin Bulka
53%
79 MOS AS Monaco Japon Takumi Minamino
53%
79 MD LOSC Kosovo Edon Zhegrova
51%
79 MC Olympique de Marseille République Centrafricaine Geoffrey Kondogbia
51%
78 MD Stade de Reims Japon Junya Ito
51%
78 G Stade Rennais France Steve Mandanda
51%
80 MC Olympique de Marseille France Jordan Veretout
49%
78 DG Olympique Lyonnais Argentine Nicolas Tagliafico
48%
79 MDC Stade Brestois France Pierre Lees-Melou
48%
78 DD RC Lens Pologne Przemyslaw Frankowski
48%
76 MC Olympique Lyonnais France Corentin Tolisso
47%
79 MDC AS Monaco Suisse Denis Zakaria
47%
79 G Stade Brestois Pays-Bas Marco Bizot
47%
80 MDC Olympique de Marseille Danemark Pierre-Emile Hojbjerg
47%
78 G Olympique Lyonnais Brésil Lucas Perri
46%
77 BU Olympique Lyonnais Géorgie Georges Mikautadze
45%
78 AG Olympique Lyonnais Algérie Said Benrahma
45%
77 BU Olympique de Marseille France Elye Wahi
44%
78 MG Stade Rennais Algérie Amine Gouiri
43%
76 MC Olympique de Marseille Maroc Amine Harit
43%
77 BU AS Monaco Suisse Breel Embolo
43%
78 G Toulouse FC France Guillaume Restes
43%
78 MC Olympique Lyonnais France Maxence Caqueret
43%
77 BU AS Monaco USA Folarin Balogun
42%
79 AD Stade Brestois France Romain Del Castillo
42%
78 DG OGC Nice France Melvin Bard
41%
79 DC AS Monaco Cote d'Ivoire Wilfried Singo
41%
76 G FC Nantes France Alban Lafont
40%
77 DC Paris Saint Germain Brésil Lucas Beraldo
40%
76 MG Paris Saint Germain France Désiré Doué
37%
77 G Paris Saint Germain Russie Matvey Safonov
37%
78 MDC LOSC Algérie Nabil Bentaleb
37%
77 DD AS Monaco Brésil Vanderson
37%
77 MOC LOSC Angleterre Angel Gomes
36%
77 BU Stade Rennais France Arnaud Kalimuendo
35%
78 DC Olympique de Marseille France Lilian Brassier
35%
78 MC Stade de Reims Malte Teddy Teuma
35%
76 MG FC Nantes Nigéria Moses Simon
34%
76 DG Olympique de Marseille France Quentin Merlin
34%
77 G Montpellier HSC France Benjamin Lecomte
33%
76 DC AS Monaco Allemagne Thilo Kehrer
33%
77 DD LOSC Portugal Tiago Santos
33%
79 G RC Strasbourg Serbie Dorde Petrovic
32%
76 MOC LOSC France Rémy Cabella
32%
77 BU OGC Nice Nigéria Terem Moffi
32%
76 DD LOSC Belgique Thomas Meunier
32%
76 DD Olympique Lyonnais Angola Clinton Mata
31%
78 DC RC Lens France Jonathan Gradit
31%
77 DG Stade Rennais France Adrien Truffert
30%
77 BU RC Lens France Florian Sotoca
30%
77 DC LOSC France Bafodé Diakité
27%
76 DD Stade Brestois France Kenny Lala
27%
77 DG Stade Brestois France Bradley Locko
26%
76 MC Stade Brestois France Mahdi Camara
26%
77 DD RC Lens France Ruben Aguilar
26%
77 G Stade de Reims France Yehvann Diouf
26%
77 MD Stade Rennais France Ludovic Blas
24%
77 BU OGC Nice Allemagne Youssoupha Moukoko
24%
78 DG LOSC Brésil Ismaily
23%
76 MD AS Monaco France Maghnes Akliouche
23%
76 MDC FC Nantes Espagne Pedro Chirivella
23%
76 DG RC Lens Colombie Deiver Machado
22%
77 AG OGC Nice Cote d'Ivoire Jérémie Boga
22%
78 BU RC Lens Angola M'Bala Nzola
21%
77 G AS Monaco Pologne Radoslaw Majecki
21%
76 DC LOSC Brésil Alexsandro
20%
77 DC Stade Brestois France Brendan Chardonnet
20%
78 DD AS Monaco Pays-Bas Jordan Teze
20%
76 DC Olympique Lyonnais Sénégal Moussa Niakhaté
20%
76 AG OGC Nice Maroc Sofiane Diop
20%
77 MDC Stade Rennais France Baptiste Santamaria
18%
76 MDC Montpellier HSC France Jordan Ferri
18%
76 DC AS Monaco Ghana Mohammed Salisu
18%
76 DC LOSC Algérie Aïssa Mandi
16%
77 DD Stade Rennais Pays-Bas Hans Hateboer
15%
76 MC OGC Nice Algérie Hicham Boudaoui
15%
76 MC OGC Nice France Tanguy Ndombele
15%
78 DG AS Monaco Brésil Caio Enrique
13%
77 DC Stade de Reims Cote d'Ivoire Emmanuel Agbadou
13%
76 MC OGC Nice France Morgan Sanson
13%
76 DC Toulouse FC Danemark Rasmus Nicolaisen
13%
76 MDC Stade Rennais Pays-Bas Azor Matusiwa
12%
76 MC Stade de Reims Mozambique Marshall Munetsi
11%
77 MD Brest France Romain Faivre
9%
76 MDC OGC Nice Burundi Youssouf Ndayishimiye
9%
Aucun quiz correspondant
Distribution des résultats
% des personnes avec chaque résultat
Percentile par nombre de réponses
Votre historique - résultats
Vous n’avez pas pris ce quiz